Egyenlő bánásmód elve és esélyegyenlőség az alkotmánybírósági döntések tükrében. Az Alkotmánybíróság szerepe az egyenlő bánásmód és az esélyegyenlőség előmozdításában

Elmentve itt :
Bibliográfiai részletek
Szerző: Szollár Ádám
További közreműködők: Szekszárdi Zsuzsanna (Témavezető)
Dokumentumtípus: Szakdolgozat
Megjelent: 2016
Tárgyszavak:
Law
Online Access:http://diploma.bibl.u-szeged.hu/84038
LEADER 01153nta a2200229 i 4500
001 dipl84038
005 20200512170931.0
008 200512s2016 hu om 0|| zxx d
040 |a SZTE Diploma Repozitórium  |b hun 
041 |a zxx 
100 1 |a Szollár Ádám 
245 1 0 |a Egyenlő bánásmód elve és esélyegyenlőség az alkotmánybírósági döntések tükrében. Az Alkotmánybíróság szerepe az egyenlő bánásmód és az esélyegyenlőség előmozdításában  |h [elektronikus dokumentum] /  |c Ádám Szollár 
246 1 0 |a The principle of equeal treatment and equeal opportunities based on Constitutional Court decisions. The role of the Constitutional Court of equeal treatment and in proposing opportunities  |h [elektronikus dokumentum] 
260 |c 2016 
650 4 |a Jogi és igazgatási tanulmányok 
650 4 |a Social sciences 
650 4 |a Law 
650 4 |a Law, criminology, penology 
650 4 |a Legal systems, constitutions, foundations of law 
650 4 |a Private, public and social law 
700 1 |a Szekszárdi Zsuzsanna  |e ths 
856 4 0 |u http://diploma.bibl.u-szeged.hu/id/eprint/84038/1/2016_szollar_adam.pdf  |z Dokumentum-elérés